| 000 | 00949 a2200217 4500 | ||
|---|---|---|---|
| 999 |
_c10456 _d10456 |
||
| 020 | _a012372564X (alk. paper) | ||
| 020 | _a9780123725646 (alk. paper) | ||
| 050 | 0 | 0 | _aBF575.MAR 2007 |
| 100 | 1 |
_aMartin, Rod A. _eauthor |
|
| 245 | 1 | 4 |
_aThe psychology of humor : _ban integrative approach / _cRod A. Martin. |
| 264 |
_aAmsterdam: _bElsevier., _c2007 |
||
| 300 |
_axviii, 446 pages. : _bill. ; |
||
| 500 | _aIncludes bibliographical references (p. 373-420) and indexes. | ||
| 504 | _aIncludes bibliographical references (p. 373-420) and indexes. | ||
| 650 | 0 |
_aWit and humor _xPsychological aspects. |
|
| 650 | 0 |
_aWit and humor _xTherapeutic use. |
|
| 856 | 4 | 2 |
_3Publisher description _uhttp://www.loc.gov/catdir/enhancements/fy0713/2007295740-d.html |
| 856 | 4 | 1 |
_3Table of contents _uhttp://www.loc.gov/catdir/toc/fy0801/2007295740.html |
| 942 |
_2lcc _cBK _h575 _iMAR _kBF |
||